Die teuersten Fußballtransfers - Innenverteidiger - Saison 2021-2022 - Statistiken

Allgemein
  • Dieses Quiz wurde 25 mal gespielt
  • Das Durchschnittsergebnis liegt bei 6 aus 10
Antwortstatistiken
Ablöse (M €) Nationalität Abgebender Verein Aufnehmender Verein Spieler % Korrekt
42,50 Frankreich RB Leipzig Bayern München Dayot Upamecano
100%
40,00 Frankreich RB Leipzig FC Liverpool Ibrahima Konaté
95%
40,00 Frankreich Real Madrid Manchester United Raphaël Varane
95%
34,40 England / Kanada FC Chelsea AC Mailand Fikayo Tomori
68%
35,00 Frankreich FC Chelsea West Ham United Kurt Zouma
68%
23,00 Elfenbeinküste FC Brügge Bayer Leverkusen Odilon Kossounou
55%
17,60 Dänemark Southampton Leicester City Jannik Vestergaard
50%
17,50 Dänemark Olympique Lyon Crystal Palace Joachim Andersen
36%
26,50 Albanien / Italien Hellas Verona AS Rom Marash Kumbulla
27%
23,34 Elfenbeinküste / England FC Chelsea Crystal Palace Marc Guéhi
27%
Keine übereinstimmenden Quizze gefunden
Verteilung der Resultate
Anzahl Personen mit jedem Resultat
Perzentil nach korrekt beantworteten Fragen
Ihre Resultats-Entwicklung
Sie haben dieses Quiz noch nicht gespielt